Catálogo
 En Linea

Conferencias. (Registro nro. 32833)

Detalles MARC
000 -CABECERA
campo de control de longitud fija 00753nam a2200193 a 4500
001 - NÚMERO DE CONTROL
campo de control 000033342
005 - FECHA Y HORA DE LA ÚLTIMA TRANSACCIÓN
campo de control 20240409073643.0
008 - DATOS DE LONGITUD FIJA--INFORMACIÓN GENERAL
campo de control de longitud fija 110824s1956 dr r 000 0 spa d
040 ## - FUENTE DE LA CATALOGACIÓN
Centro catalogador/agencia de origen DO-SdBNP
Lengua de catalogación spa
Centro/agencia transcriptor BNPHU
082 ## - NÚMERO DE LA CLASIFICACIÓN DECIMAL DEWEY
Número de clasificación 330.97293053
Número de documento/Ítem C748
245 00 - MENCIÓN DE TÍTULO
Título Conferencias.
260 ## - PUBLICACIÓN, DISTRIBUCIÓN, ETC.
Lugar de publicación, distribución, etc. Ciudad Trujillo, República Dominicana :
Nombre del editor, distribuidor, etc. Banco Central de la República Dominicana,
Fecha de publicación, distribución, etc. 1956.
300 ## - DESCRIPCIÓN FÍSICA
Extensión 99 p. ;
Dimensiones 24 cm.
500 ## - NOTA GENERAL
Nota general Publicaciones del 25 aniversario de La Era de Trujillo
590 ## - NOTA LOCAL (RLIN)
Nota local Inventariado, 2018/MFF
651 #4 - PUNTO DE ACCESO ADICIONAL DE MATERIA--NOMBRE GEOGRÁFICO
Nombre geográfico República Dominicana
Subdivisión general Política Económica
Subdivisión cronológica ERA DE TRUJILLO, 1930-1961
9 (RLIN) 58931
651 #4 - PUNTO DE ACCESO ADICIONAL DE MATERIA--NOMBRE GEOGRÁFICO
Nombre geográfico República Dominicana
Subdivisión general Condiciones Económicas
Subdivisión cronológica ERA DE TRUJILLO, 1030-1961
9 (RLIN) 58932
910 ## - DATOS DE OPCIÓN DEL USUARIO (OCLC)
Datos de opción del usuario Validado. Control de calidad MFF
Existencias
Estado de retiro Estado de pérdida Restricciones de uso No para préstamo Código de colección Localización permanente Ubicación/localización actual Ubicación en estantería Fecha de adquisición Número de inventario Total de préstamos Signatura topográfica completa Código de barras Fecha visto por última vez Precio válido a partir de Tipo de ítem Koha Nota pública
      Excluido de préstamo Raros y valiosos Patrimonio Dominicano Patrimonio Dominicano Depósito 24.08.2011 LF1   330.97293053 C748 33342-10 25.06.2020 25.06.2020 No se presta Perteneció a la biblioteca personal de Martinez Boog

Con tecnología Koha